000
00291nam a2200121Ia 4500
008
190722s9999 xx 000 0 und d
020
_a
978-81-317-2599-3
100
_a
Robert S.Daniell.Rubinfeld
245
0
_a
MicroEconomics
260
_a
Delhi
_b
Pearson
_c
2009
300
_a
674
942
_c
BK
999
_c
844
_d
844